<?xml version="1.0" encoding="UTF-8"?>
<record
    xmlns:xsi="http://www.w3.org/2001/XMLSchema-instance"
    xsi:schemaLocation="http://www.loc.gov/MARC21/slim http://www.loc.gov/standards/marcxml/schema/MARC21slim.xsd"
    xmlns="http://www.loc.gov/MARC21/slim">

  <leader>00833cam7a220021700 4500</leader>
  <controlfield tag="001">tmp15393352</controlfield>
  <controlfield tag="003">UPRA</controlfield>
  <controlfield tag="005">20190830121455.0</controlfield>
  <controlfield tag="008">950803s1967    be                  fre u</controlfield>
  <datafield tag="035" ind1=" " ind2=" ">
    <subfield code="a">(Sirsi) r29215</subfield>
  </datafield>
  <datafield tag="035" ind1=" " ind2=" ">
    <subfield code="a">(UPRA)tmp15393352</subfield>
  </datafield>
  <datafield tag="040" ind1=" " ind2=" ">
    <subfield code="c">UPRA</subfield>
  </datafield>
  <datafield tag="100" ind1="1" ind2=" ">
    <subfield code="a">Doneux, J.</subfield>
    <subfield code="6">A93545.1</subfield>
  </datafield>
  <datafield tag="245" ind1="1" ind2="0">
    <subfield code="a">Africana linguistica III /</subfield>
    <subfield code="c">[by] J. Doneux [and others].</subfield>
  </datafield>
  <datafield tag="260" ind1=" " ind2=" ">
    <subfield code="a">Tervuren,</subfield>
    <subfield code="c">1967.</subfield>
  </datafield>
  <datafield tag="490" ind1="1" ind2=" ">
    <subfield code="a">Musee Royal de l'Afrique Centrale (Tervuren, Belgium). Annales. Ser. in-8 , Sciences humaines ;</subfield>
    <subfield code="v">no. 61</subfield>
  </datafield>
  <datafield tag="650" ind1=" " ind2="0">
    <subfield code="a">Bantu languages.</subfield>
    <subfield code="6">S3923.1</subfield>
  </datafield>
  <datafield tag="830" ind1=" " ind2="0">
    <subfield code="a">Annalen. Reeks in-8o, Menselijke wetenschappen ;</subfield>
    <subfield code="n">Annalen. Reeks in-8o, Menselijke wetenschappen ;</subfield>
    <subfield code="p">Annalen. Reeks in-8o, Menselijke wetenschappen ;</subfield>
    <subfield code="v">no. 61.</subfield>
    <subfield code="6">S14139.1</subfield>
  </datafield>
  <datafield tag="949" ind1=" " ind2=" ">
    <subfield code="a">DT641.M8</subfield>
    <subfield code="w">lcc</subfield>
    <subfield code="i">-31902</subfield>
    <subfield code="m">MAIN</subfield>
    <subfield code="t">BOOK</subfield>
    <subfield code="l">ON-SHELF</subfield>
  </datafield>
  <controlfield tag="004">29215</controlfield>
  <datafield tag="999" ind1=" " ind2=" ">
    <subfield code="c">197431</subfield>
    <subfield code="d">197431</subfield>
  </datafield>
</record>
